[Event "Coupe Jean-Claude Loubatiere"]
[Site "Saint Quentin"]
[Date "2019.06.29"]
[Round "3.1"]
[White "Bernard, Thomas"]
[Black "Beneteau Desmoulieres, Elian"]
[Result "1-0"]
[WhiteElo "1658"]
[BlackElo "1554"]
[PlyCount "101"]
[EventDate "2019.06.29"]
[EventType "team-match"]
[EventRounds "5"]
[EventCountry "FRA"]
[SourceTitle "EXT 2020"]
[Source "ChessBase"]
[SourceDate "2019.10.17"]
[SourceVersion "1"]
[SourceVersionDate "2019.10.17"]
[SourceQuality "1"]

1. e4 c5 2. d4 cxd4 3. c3 dxc3 4. Nxc3 Nc6 5. Nf3 d6 6. Bc4 Nf6 7. e5 dxe5 8. Qxd8+ Kxd8 9. Ng5 Nd4 10. Nxf7+ Ke8 11. 0-0 Rg8 12. Nxe5 Be6 13. Bxe6 Nxe6 14. Be3 g6 15. Rac1 a6 16. Rfd1 Bg7 17. f3 Nh5 18. Nc4 Nhf4 19. Kf2 Kf7 20. g3 Nh3+ 21. Kg2 Nhg5 22. f4 Bxc3 23. Rxc3 Ne4 24. Rcd3 Rgd8 25. Ne5+ Ke8 26. Rxd8+ Rxd8 27. Rxd8+ Kxd8 28. Bb6+ Ke8 29. Nc4 N6c5 30. Kf3 a5 31. Nxa5 Nd2+ 32. Ke2 Nd7 33. Kxd2 Nxb6 34. Nxb7 Kd7 35. Kc3 Kc7 36. Nc5 Nd5+ 37. Kd4 Kc6 38. Ne6 Nf6 39. a4 Kb6 40. b4 Kc6 41. a5 Nd7 42. Kc4 Kd6 43. Ng5 Nf6 44. b5 Kc7 45. Ne6+ Kb7 46. Nc5+ Ka7 47. b6+ Kb8 48. a6 Ne8 49. Kd5 Nd6 50. Nd7+ Kc8 51. b7+ 1-0

[Event "FRA-chT U20 GpB 1213"]
[Site "France"]
[Date "2013.01.06"]
[Round "7"]
[White "Beneteau Desmoulieres, Elian"]
[Black "Lialy Yao, Makine"]
[Result "0-1"]
[WhiteElo "1200"]
[BlackElo "1270"]
[PlyCount "76"]
[EventDate "2012.12.01"]
[EventType "team"]
[EventRounds "7"]
[EventCountry "FRA"]
[SourceTitle "EXT 2014"]
[Source "ChessBase"]
[SourceDate "2013.11.20"]
[SourceVersion "1"]
[SourceVersionDate "2013.11.20"]
[SourceQuality "1"]
[WhiteTeam "Agneaux Saint Lo (U20)"]
[BlackTeam "Villepinte (U20)"]
[WhiteTeamCountry "FRA"]
[BlackTeamCountry "FRA"]

1. e4 d5 2. exd5 Qxd5 3. Nc3 Qa5 4. Nf3 Nf6 5. Bc4 c6 6. 0-0 Bf5 7. d3 Qc7 8. Ng5 e6 9. Re1 Nbd7 10. d4 h6 11. Nf3 Bd6 12. d5 e5 13. Bf4 0-0 14. Bg3 Rae8 15. dxc6 bxc6 16. Qd2 Re7 17. Rad1 Ne8 18. Bh4 g5 19. Bxg5 hxg5 20. Qxg5+ Bg6 21. Nh4 Kg7 22. Bd3 Re6 23. Re3 Be7 24. Qg4 Nef6 25. Nf5+ Kg8 26. Qg5 Nh7 27. Qg4 Bg5 28. Rh3 Ndf6 29. Ne4 Nxg4 30. Rxh7 Bxf5 31. Nxg5 Bxh7 32. Nxe6 fxe6 33. h3 Nxf2 34. Bxh7+ Qxh7 35. Rd6 Qg6 36. Rxc6 Nxh3+ 37. Kh1 Nf4 38. Rc3 Qxg2# 0-1

[Event "FRA-chT U20 GpB 1213"]
[Site "France"]
[Date "2012.12.02"]
[Round "3.7"]
[White "Beneteau Desmoulieres, Elian"]
[Black "Bousmaha, Wassel"]
[Result "0-1"]
[WhiteElo "1200"]
[BlackElo "1454"]
[PlyCount "62"]
[EventDate "2012.12.01"]
[EventType "team"]
[EventRounds "7"]
[EventCountry "FRA"]
[SourceTitle "EXT 2014"]
[Source "ChessBase"]
[SourceDate "2013.11.20"]
[SourceVersion "1"]
[SourceVersionDate "2013.11.20"]
[SourceQuality "1"]
[WhiteTeam "Agneaux Saint Lo (U20)"]
[BlackTeam "Creteil (U20)"]
[WhiteTeamCountry "FRA"]
[BlackTeamCountry "FRA"]

1. e4 e5 2. Nf3 Nc6 3. Bc4 Nf6 4. Ng5 d5 5. exd5 Na5 6. Bb5+ c6 7. dxc6 bxc6 8. Qf3 Qc7 9. 0-0 Bg4 10. Qc3 Bd6 11. Ba4 e4 12. Re1 0-0 13. Nxe4 Bxh2+ 14. Kh1 Be5 15. d4 Nd5 16. Qc5 Bf6 17. Bd2 Nb7 18. Qxc6 Bxd4 19. Qxd5 Bxb2 20. Nbc3 Bxa1 21. Rxa1 Rad8 22. Qc6 Qe7 23. Nd5 Qe5 24. c4 Qxa1+ 25. Kh2 Qe5+ 26. f4 Qb8 27. Bb4 Rxd5 28. Bxf8 Qxf4+ 29. g3 Rh5+ 30. Kg1 Qe3+ 31. Nf2 Bf3 0-1

[Event "FRA-chT U20 GpB 1213"]
[Site "France"]
[Date "2012.12.01"]
[Round "1"]
[White "Dedenon, Quentin"]
[Black "Beneteau Desmoulieres, Elian"]
[Result "1-0"]
[WhiteElo "1400"]
[BlackElo "1200"]
[PlyCount "43"]
[EventDate "2012.12.01"]
[EventType "team"]
[EventRounds "7"]
[EventCountry "FRA"]
[SourceTitle "EXT 2014"]
[Source "ChessBase"]
[SourceDate "2013.11.20"]
[SourceVersion "1"]
[SourceVersionDate "2013.11.20"]
[SourceQuality "1"]
[WhiteTeam "Tours (U20)"]
[BlackTeam "Agneaux Saint Lo (U20)"]
[WhiteTeamCountry "FRA"]
[BlackTeamCountry "FRA"]

1. d4 d5 2. c4 c6 3. Nc3 Nf6 4. Bf4 Bf5 5. Nf3 dxc4 6. e3 Nbd7 7. Bxc4 e6 8. Qb3 b5 9. Be2 Bb4 10. Qxb4 a5 11. Qb3 a4 12. Qd1 0-0 13. 0-0 b4 14. Nxa4 Qa5 15. Nc5 Nxc5 16. dxc5 Qxc5 17. Bd6 Bc2 18. Bxc5 Bxd1 19. Rfxd1 Rfd8 20. Rxd8+ Rxd8 21. Be7 Rd6 22. Bxd6 1-0

[Event "FRA-chT U20 1112"]
[Site "France"]
[Date "2012.01.23"]
[Round "3.19"]
[White "Lefebvre, Matthieu"]
[Black "Beneteau Desmoulieres, Elian"]
[Result "1-0"]
[WhiteElo "1460"]
[BlackElo "1180"]
[PlyCount "101"]
[EventDate "2011.12.03"]
[EventType "team-swiss"]
[EventRounds "7"]
[EventCountry "FRA"]
[SourceTitle "EXT 2013"]
[Source "ChessBase"]
[SourceDate "2012.11.22"]
[SourceVersion "1"]
[SourceVersionDate "2012.11.22"]
[SourceQuality "1"]

1. e4 e5 2. Nf3 Nc6 3. Bc4 Bc5 4. Nc3 Nf6 5. Ng5 0-0 6. Qf3 Nd4 7. Qd1 d6 8. h3 Be6 9. Nxe6 fxe6 10. d3 d5 11. exd5 exd5 12. Bb3 Bb4 13. Bg5 c6 14. a3 Bxc3+ 15. bxc3 Nxb3 16. cxb3 Re8 17. 0-0 h6 18. Bh4 e4 19. Re1 Qd6 20. dxe4 Nxe4 21. Qd4 Qe5 22. Qxe5 Rxe5 23. f3 Rh5 24. fxe4 Rxh4 25. exd5 cxd5 26. Re7 Rc8 27. Rc1 d4 28. Kh2 dxc3 29. g4 h5 30. gxh5 Rxh5 31. Rxb7 Ra5 32. a4 Ra6 33. Kg2 Rb6 34. Rxb6 axb6 35. Rc2 Kf7 36. Kf2 Ke6 37. Ke3 Kf5 38. Kd4 g5 39. Rxc3 Rxc3 40. Kxc3 Kf4 41. b4 Kg3 42. a5 bxa5 43. bxa5 Kxh3 44. a6 g4 45. a7 g3 46. a8Q g2 47. Qf3+ Kh2 48. Qf2 Kh1 49. Qh4+ Kg1 50. Kd2 Kf1 51. Qe1# 1-0